000
00232nam a22000977a 4500
100
_a
Singha,Manoj
_9
79899
245
_a
Maharana Pratap
260
_a
Delhi
_b
Prasad Sahitya Sansthan
_c
2019
650
_a
Children Book
_9
79900
942
_c
BK
999
_c
63444
_d
63444